000 00428nam a2200145Ia 4500
008 230917s9999||||xx |||||||||||||| ||und||
040 _e242728
_aMAIN
041 _aEnglish
082 _a373 Y11E
100 _aYadav, Sapna
245 0 _aEffect of academic anxiety, risk taking behaviour and academic cheating on academic achievement of senior secondary school students
260 _c2014
300 _a122 p.
942 _cTH
999 _c127298
_d127298